| 000 -LEADER |
| fixed length control field |
00628cam a22001938i 4500 |
| 001 - CONTROL NUMBER |
| control field |
21447979 |
| 005 - DATE AND TIME OF LATEST TRANSACTION |
| control field |
20221107113037.0 |
| 008 - FIXED-LENGTH DATA ELEMENTS--GENERAL INFORMATION |
| fixed length control field |
200226s2020 enk b 001 0 eng |
| 020 ## - INTERNATIONAL STANDARD BOOK NUMBER |
| International Standard Book Number |
9780367140151x |
| 041 ## - LANGUAGE CODE |
| Language code of text/sound track or separate title |
eng |
| 080 ## - UNIVERSAL DECIMAL CLASSIFICATION NUMBER |
| Universal Decimal Classification number |
371 E-61 |
| 100 1# - MAIN ENTRY--PERSONAL NAME |
| Personal name |
Ephgrave, Anna |
| 9 (RLIN) |
13450 |
| 245 10 - TITLE STATEMENT |
| Title |
Planning in the moment with two and three year olds : |
| Remainder of title |
child-initiated play in action / |
| Statement of responsibility, etc. |
Anna Ephgrave. |
| 264 #1 - PRODUCTION, PUBLICATION, DISTRIBUTION, MANUFACTURE, AND COPYRIGHT NOTICE |
| Place of production, publication, distribution, manufacture |
London : |
| Name of producer, publisher, distributor, manufacturer |
Routledge, |
| Date of production, publication, distribution, manufacture, or copyright notice |
2020. |
| 300 ## - PHYSICAL DESCRIPTION |
| Extent |
296 pages ; |
| Other physical details |
30 cm. |
| 653 ## - INDEX TERM--UNCONTROLLED |
| keyword |
სკოლამდელი განთლება |
| 653 ## - INDEX TERM--UNCONTROLLED |
| keyword |
Дошкольное образование |
| 942 ## - ADDED ENTRY ELEMENTS (KOHA) |
| Source of classification or shelving scheme |
|
| Koha item type |
წიგნი |